00421 2200169 4500001002100000008004100021035002000062245004200082250001000124260003500134300001500169020001800184084001600202082001000218650001000228990001300238INLIS000000000000417 Ind  a0010-0921000417 aKualatbKomik Next GcSyifa Luthfiyah aCet.1 aBandungbMuffin Graphicsc2017 a104c21 cm a9786023674220 a741.3 SYI k a741.3 aKomik aDI. 2583